El hombre asume el control: desarrollo cultural y programas de ayuda técnica
Tallennettuna:
| Päätekijä: | |
|---|---|
| Aineistotyyppi: | Kirja |
| Kieli: | espanja |
| Julkaistu: |
Buenos Aires
Bibliográfica Omeba
1963
|
| Aiheet: | |
| Tagit: |
Lisää tagi
Ei tageja, Lisää ensimmäinen tagi!
|
MARC
| LEADER | 00000nam a2200000 a 4500 | ||
|---|---|---|---|
| 001 | UCR0036 | ||
| 003 | CL-VaPUC | ||
| 008 | 971129e19630000AG |||||||||||||||||spa|d | ||
| 082 | 0 | 4 | |a 306 |b ERA |2 21 |
| 100 | 0 | |a Erasmus, Charles J |e author |9 395359 | |
| 245 | 1 | 3 | |a El hombre asume el control: desarrollo cultural y programas de ayuda técnica |
| 300 | |a 316 p | ||
| 942 | |c BK | ||
| 945 | |d 19971129 00:00:00 |a jquezada | ||
| 260 | |a Buenos Aires |b Bibliográfica Omeba |c 1963 | ||
| 650 | 0 | |a Antropología cultural |9 269905 | |
| 650 | 7 | |a ESTRUCTURA SOCIAL |2 CL-VaPUC |9 395360 | |
| 650 | 0 | |a Cambio social |9 256857 | |
| 650 | 0 | |a Procesos sociales |9 337802 | |
| 650 | 0 | |a Problemas sociales |9 258537 | |
| 650 | 0 | |a Motivación |9 315362 | |
| 650 | 0 | |a Cognición |9 270347 | |
| 650 | 0 | |a REFORMA AGRARIA |9 256789 | |
| 650 | 0 | |a Ceremonias religiosas |9 337235 | |
| 650 | 0 | |a Indígenas |9 317064 | |
| 583 | |a last modification |c 19971129 00:00:00 |k Rodrigo Vera | ||
| 999 | |c 263694 |d 263692 | ||
| 952 | |0 0 |1 0 |4 0 |6 306_000000000000000_ERA_1963 |7 0 |8 P |9 293074 |a BIBGIM |b BIBGIM |d 2019-11-19 |i 3374165 |o 306 ERA 1963 |p 3374165 |r 2025-01-15 |w 2019-11-19 |y BK |k GIM | ||
| 952 | |0 0 |1 0 |4 0 |6 306_000000000000000_ERA_1963 |7 0 |8 A |9 293075 |a BIBHIS |b BIBHIS |d 2019-11-19 |i 1371886 |o 306 ERA 1963 |p 1371886 |r 2025-01-20 |w 2019-11-19 |y BK |k HIS | ||